00238nam a2200097Ia 4500008004100000082001700041100002200058245003000080260001800110600001200128241002s9999 xx 000 0 und d a943.8056 ARN aArnold, Stanislaw 0aOutline History of Poland aLondon:c1965 aHistory